=LDR 00000nam 2200000 4500 =001 NUTBA000000000000755 =005 20140401123253.0 =006 =007 =008 =020 ##$$a 978-602-8200-33-2 =035 ##$$a 0010-041400000000025 =040 ##$$a Ind =082 ##$$a 617.47 =090 ##$$a 617.47$bHet a =100 ##$$a Hetharia, Rospa. =245 ##$$a Asuhan keperawatan$b Gangguan sestem integumen$cRospa hetharia =250 ##$$a Ed.1 =260 ##$$a Jakarta$bTim$c2009. =300 ##$$a Vii,154 Hlm$bIlus$c21m. =850 ##$$a NBPNMAT =990 ##$$a 20903424 =990 ##$$a 92259/BPAP-NTB/2014